Datum a čas kvízu
37
Celkem bodů
Celkový počet nahraných bodů na tomto kvízu bez doplňovacích otázek.
3.
Pořadí na kvízu
Konečné umístění týmu na tomto kvízu.
Zaznamenané odpovědi
| # | Otázka | Odpověď | Body | Výsledky |
|---|---|---|---|---|
| 1. | Který živočich si minulý týden... | labuť | 1 | |
| 2. | Ze kterého důvodu zrušil minul... | C | 1 | |
| 3. | Minulý týden potvrdili konec s... | David Prachař; Linda Rybová | 1 | |
| 4. | Na technologickém veletrhu CES... | Tamagoči | 1 | |
| 5. | Jak se nazývá hlavní a druhé n... | Saint Paul | 0 | |
| 6. | Frank Lloyd Wright bývá označo... | Guggenheimovo muzeum | 0 | |
| 7. | Seřaďte uvedené události od té... | 1D 2B 3C 4A | 0 | |
| 8. | Jak si říká tento americký zpě... | Lenny Kravitz; New York City | 0.5 | |
| 9. | Turisté v NYC míří nejen do di... | 1B 2A 3C 4D | 1 | |
| 10. | Jak se jmenuje fiktivní město,... | Gotham (City); Bronx | 0.5 |